<?xml version="1.0" encoding="UTF-8"?>
<record
    xmlns:xsi="http://www.w3.org/2001/XMLSchema-instance"
    xsi:schemaLocation="http://www.loc.gov/MARC21/slim http://www.loc.gov/standards/marcxml/schema/MARC21slim.xsd"
    xmlns="http://www.loc.gov/MARC21/slim">

  <leader>01726cam a22002775a 4500</leader>
  <controlfield tag="001">17539433</controlfield>
  <controlfield tag="005">20151019112425.0</controlfield>
  <controlfield tag="008">121121t2014    moua   frb    001 0 eng d</controlfield>
  <datafield tag="020" ind1=" " ind2=" ">
    <subfield code="a">9780323096065 (pbk. : alk. paper)</subfield>
  </datafield>
  <datafield tag="040" ind1=" " ind2=" ">
    <subfield code="a">DNLM/DLC</subfield>
    <subfield code="b">eng</subfield>
    <subfield code="c">DLC</subfield>
    <subfield code="d">DLC</subfield>
    <subfield code="d">EG-ScBUE </subfield>
  </datafield>
  <datafield tag="082" ind1="0" ind2="4">
    <subfield code="a">618.970231</subfield>
    <subfield code="b">TOU</subfield>
    <subfield code="2">22</subfield>
  </datafield>
  <datafield tag="100" ind1="1" ind2=" ">
    <subfield code="a">Touhy, Theris A.</subfield>
    <subfield code="9">38451</subfield>
  </datafield>
  <datafield tag="245" ind1="1" ind2="0">
    <subfield code="a">Ebersole and Hess' gerontological nursing &amp; healthy aging /</subfield>
    <subfield code="c">Theris A. Touhy, Kathleen F. Jett.</subfield>
  </datafield>
  <datafield tag="246" ind1="3" ind2="0">
    <subfield code="a">Gerontological nursing and healthy aging</subfield>
  </datafield>
  <datafield tag="250" ind1=" " ind2=" ">
    <subfield code="a">4th ed.</subfield>
  </datafield>
  <datafield tag="260" ind1=" " ind2=" ">
    <subfield code="a">Missouri :</subfield>
    <subfield code="b">Elsevier / Mosby,</subfield>
    <subfield code="c">c.2014.</subfield>
  </datafield>
  <datafield tag="300" ind1=" " ind2=" ">
    <subfield code="a">xiii, 436 p. :</subfield>
    <subfield code="b">ill. ;</subfield>
    <subfield code="c">24 cm.</subfield>
  </datafield>
  <datafield tag="500" ind1=" " ind2=" ">
    <subfield code="a">Index : p. 421-436.</subfield>
  </datafield>
  <datafield tag="504" ind1=" " ind2=" ">
    <subfield code="a">Includes bibliographical references.</subfield>
  </datafield>
  <datafield tag="505" ind1="0" ind2=" ">
    <subfield code="a">Introduction to healthy aging -- Gerontological nursing history, education, and roles -- Care across the continuum -- Culture and aging -- Theories of aging and physical changes -- Social, psychological, spiritual, and cognitive aspects of aging -- Assessment and documentation for optimal care -- Safe medication use -- Nutrition and hydration -- Elimination -- Rest, sleep, and activity -- Promoting healthy skin and feet -- Promoting safety -- Living with chronic illness -- Pain and comfort -- Diseases affecting vision and hearing -- Metabolic disorders -- Bone and joint problems -- Cardiovascular and respiratory disorders -- Neurological disorders -- Cognitive impairment -- Mental health -- Economic and legal issues -- Relationships, roles, and transitions -- Loss, death, and palliative care.</subfield>
  </datafield>
  <datafield tag="650" ind1=" " ind2="7">
    <subfield code="a">Geriatric nursing.</subfield>
    <subfield code="2">BUEsh</subfield>
    <subfield code="9">28906</subfield>
  </datafield>
  <datafield tag="651" ind1=" " ind2=" ">
    <subfield code="2">BUEsh</subfield>
  </datafield>
  <datafield tag="653" ind1=" " ind2=" ">
    <subfield code="b">NNUR</subfield>
    <subfield code="c">June2015</subfield>
    <subfield code="c">September2015</subfield>
  </datafield>
  <datafield tag="700" ind1="1" ind2=" ">
    <subfield code="a">Jett, Kathleen F.</subfield>
  </datafield>
  <datafield tag="942" ind1=" " ind2=" ">
    <subfield code="2">ddc</subfield>
    <subfield code="k">618.970231 TOU</subfield>
  </datafield>
  <datafield tag="999" ind1=" " ind2=" ">
    <subfield code="c">19682</subfield>
    <subfield code="d">19654</subfield>
  </datafield>
  <datafield tag="952" ind1=" " ind2=" ">
    <subfield code="0">0</subfield>
    <subfield code="1">0</subfield>
    <subfield code="2">ddc</subfield>
    <subfield code="4">0</subfield>
    <subfield code="7">0</subfield>
    <subfield code="8">Alahram</subfield>
    <subfield code="a">MAIN</subfield>
    <subfield code="b">MAIN</subfield>
    <subfield code="c">1ST</subfield>
    <subfield code="d">2015-06-16</subfield>
    <subfield code="e">Purchase</subfield>
    <subfield code="g">543.00</subfield>
    <subfield code="h">324</subfield>
    <subfield code="l">0</subfield>
    <subfield code="o">618.970231 TOU</subfield>
    <subfield code="p">000038616</subfield>
    <subfield code="r">2025-07-15 00:00:00</subfield>
    <subfield code="v">678.75</subfield>
    <subfield code="y">BB</subfield>
  </datafield>
  <datafield tag="952" ind1=" " ind2=" ">
    <subfield code="0">0</subfield>
    <subfield code="1">0</subfield>
    <subfield code="2">ddc</subfield>
    <subfield code="4">0</subfield>
    <subfield code="7">0</subfield>
    <subfield code="8">Alahram</subfield>
    <subfield code="a">MAIN</subfield>
    <subfield code="b">MAIN</subfield>
    <subfield code="c">1ST</subfield>
    <subfield code="d">2015-06-16</subfield>
    <subfield code="e">Purchase</subfield>
    <subfield code="g">543.00</subfield>
    <subfield code="h">324</subfield>
    <subfield code="l">1</subfield>
    <subfield code="m">14</subfield>
    <subfield code="o">618.970231 TOU</subfield>
    <subfield code="p">000038601</subfield>
    <subfield code="r">2025-07-15 00:00:00</subfield>
    <subfield code="s">2017-02-15</subfield>
    <subfield code="v">678.75</subfield>
    <subfield code="y">BB</subfield>
  </datafield>
</record>
